000 00788nam a2200157 a 4500
008 120323s2011 ||||||||||||||||| || u
050 _aTHESIS/STUDENT
100 _aBanda, John O
245 1 0 _aImproving the learner's performance in matrix evaluation by using problem based learning approach in Mathematics
260 _aKitwe
_bCopperbelt University, School of Mathematics and Natural Sciences, Department of Mathematics and Science Education
_c2011
350 _a0.00
650 0 _aMATHEMATICS--HANDBOOKS, MANUALS, ETC
650 0 _aMATHEMATICS TEACHERS--TRAINING OF
650 0 _aEDUCATIONAL TESTS AND MEASUREMENTS
995 _D0.00
_FCBU-MAIN LIBRARY (Kitwe)
_H1
_I0.00
_M1
_UAVAILABLE
_WMar 23, 2012
_ZUniversity Collection
999 _c46522
_d46522